FE Y TEOLOGIA EN AMERICA LATINA : (Registro nro. 44878)
[ vista simple ]
| 000 -LEADER | |
|---|---|
| fixed length control field | 01185nam a2200205 a 4500 |
| 001 - CONTROL NUMBER | |
| control field | 44878 |
| 005 - DATE AND TIME OF LATEST TRANSACTION | |
| control field | 20180714023856.0 |
| 008 - FIXED-LENGTH DATA ELEMENTS--GENERAL INFORMATION | |
| fixed length control field | 140415s1997 ck 000 0 spa d |
| 020 ## - INTERNATIONAL STANDARD BOOK NUMBER | |
| International Standard Book Number | 9586253813 |
| 041 ## - LANGUAGE CODE | |
| Language code of text/sound track or separate title | spa |
| 082 ## - DEWEY DECIMAL CLASSIFICATION NUMBER | |
| Classification number | 291.2 |
| Item number | CON |
| 110 2# - MAIN ENTRY--CORPORATE NAME | |
| Corporate name or jurisdiction name as entry element | Catholic Church. |
| Subordinate unit | Consejo Episcopal Latinoamericano, |
| 245 10 - TITLE STATEMENT | |
| Title | FE Y TEOLOGIA EN AMERICA LATINA : |
| Remainder of title | II ENCUENTRO DE PRESIDENTES DE COMISIONES DOCTRINALES DE AMERICA LATINA Y EL CARIBE GUADALAJARA, 1996 |
| 250 ## - EDITION STATEMENT | |
| Edition statement | 1a ed. |
| 260 ## - PUBLICATION, DISTRIBUTION, ETC. | |
| Place of publication, distribution, etc. | COLOMBIA : |
| Name of publisher, distributor, etc. | CONSEJO EPISCOPAL LATINOAMERICANO-CELAM, |
| Date of publication, distribution, etc. | 1997 |
| 300 ## - PHYSICAL DESCRIPTION | |
| Extent | 77 |
| Dimensions | x 14 x 21 |
| 490 ## - SERIES STATEMENT | |
| Series statement | TERCER MILENIO |
| 520 ## - SUMMARY, ETC. | |
| Summary, etc. | EL II ENCUENTRO DE PRESIDENTES DE COMISIONES DOCTRINALES DE AMERICA LATINA Y EL CARIBE, ORGANIZADO POR LA CONGREGACION PARA LA DOCTRINA DE LA FE Y COORDINADO POR EL CELAM, TUVO LUGAR ENTRE EL 6 Y 11 DE MAYO EN GUADALAJARA. EN ÉL PARTICIPARON TODOS LOS PRESIDENTES DE LAS COMISIONES DOCTRINALES, SALVO LOS DE HAITI Y LAS ANTILLAS. EL CARDENAL JOSEPH RATZINGER INAUGURÓ LA REUNIÓN CON UNA CONFERENCIA SOBRE LA SITUACIÓN ACTUAL DE LA FE Y LA TEOLOGÍA. POSTERIORMENTE , MONS. TARCISIO BERTONE |
| 650 14 - SUBJECT ADDED ENTRY--TOPICAL TERM | |
| Topical term or geographic name entry element | FE |
| General subdivision | TEOLOGA |
| -- | AMERICA LATINA |
| Withdrawn status | Lost status | Source of classification or shelving scheme | Damaged status | Not for loan | Collection code | Home library | Current library | Shelving location | Date acquired | Source of acquisition | Inventory number | Total Checkouts | Full call number | Barcode | Date last seen | Price effective from | Koha item type |
|---|---|---|---|---|---|---|---|---|---|---|---|---|---|---|---|---|---|
| Dewey Decimal Classification | General | Biblioteca Karol Wojtyla | Biblioteca Karol Wojtyla | Sala general | 03/12/2013 | Compra | 151000000000000000058500 | 291.2 CON | 67476 | 05/01/2026 | 03/12/2013 | Libro |